Sports Quiz

Random Sports or MLB Quiz

MLB 100+ Hits - 2000 to 2019 - Colorado Rockies Quiz Stats

 Plays Quiz not verified by Sporcle

Support Sporcle.
Go Orange.
Score 0/74 Timer 15:00
0 Plays Today
Hits Player % Correct
2141Todd Helton
100%
1160Nolan Arenado
100%
1165Troy Tulowitzki
96.7%
596Larry Walker
93.3%
140Todd Walker
93.3%
1244Charlie Blackmon
91.7%
1330Carlos Gonzalez
90%
568Trevor Story
90%
863Matt Holliday
81.7%
162Vinny Castilla
80%
749Brad Hawpe
78.3%
435Chris Iannetta
75%
251David Dahl
73.3%
1011DJ LeMahieu
71.7%
805Garrett Atkins
68.3%
354Seth Smith
68.3%
288Preston Wilson
66.7%
273Mark Reynolds
65%
154Charles Johnson
65%
337Ian Desmond
61.7%
212Justin Morneau
61.7%
200Eric Young
61.7%
606Dexter Fowler
56.7%
413Wilin Rosario
56.7%
582Clint Barmes
55%
165Ryan McMahon
55%
122Daniel Murphy
55%
318Michael Cuddyer
53.3%
434Juan Pierre
50%
328Gerardo Parra
50%
233Tony Wolters
50%
301Neifi Perez
48.3%
239Willy Taveras
48.3%
104Jason Giambi
48.3%
319Yorvit Torrealba
46.7%
293Ian Stewart
46.7%
255Corey Dickerson
45%
Hits Player % Correct
424Ryan Spilborghs
43.3%
153Jeromy Burnitz
41.7%
157Kaz Matsui
41.7%
360Jeff Cirillo
40%
178Raimel Tapia
35%
152Jeffrey Hammonds
35%
185Nick Hundley
30%
298Juan Uribe
26.7%
190Jamey Carroll
26.7%
144Jeff Baker
26.7%
130Ben Paulsen
26.7%
250Jay Payton
23.3%
134Drew Stubbs
21.7%
106Miguel Olivo
21.7%
138Todd Zeile
20%
134Tyler Colvin
20%
259Cory Sullivan
18.3%
226Josh Rutledge
18.3%
102Marco Scutaro
18.3%
100Jose Ortiz
18.3%
244Aaron Miles
16.7%
247Jordan Pacheco
15%
161Brandon Barnes
15%
160Royce Clayton
15%
137Brent Butler
15%
125Ben Petrick
15%
261Jonathan Herrera
13.3%
154Brent Mayne
13.3%
107JD Closser
13.3%
185Todd Hollandsworth
11.7%
172Chris Nelson
10%
193Terry Shumpert
8.3%
144Greg Norton
8.3%
113Chris Stynes
8.3%
110Omar Quintanilla
8.3%
104Daniel Descalso
8.3%
124Ronnie Belliard
6.7%

You're not logged in!

Compare scores with friends on all Sporcle quizzes.
OR
Log In

From the Vault

Bordering States

by betraisefold

It's Monday so here is a freebie, Hawaii is not an answer on this quiz.
Remove Ads.
Support Sporcle.
Get the best of Sporcle when you Go Orange. This ad-free experience offers more features, more stats, and more fun while also helping to support Sporcle. Thank you for becoming a member.

Show Comments

Extras

Top Quizzes Today


Score Distribution

Your Account Isn't Verified!

In order to create a playlist on Sporcle, you need to verify the email address you used during registration. Go to your Sporcle Settings to finish the process.

Report this User

Report this user for behavior that violates our Community Guidelines.

Details: